| 000 | 00463nam a22001937a 4500 | ||
|---|---|---|---|
| 003 | CEME | ||
| 005 | 20210628205021.0 | ||
| 008 | 201230b xxu||||| |||| 00| 0 eng d | ||
| 020 | _a0080358284 | ||
| 040 | _cceme | ||
| 082 | _a623-BRA GUI | ||
| 100 |
_aCollins, Garland T.K _973419 |
||
| 245 | _aGuided weapons | ||
| 250 | _aVOL-1 | ||
| 260 |
_aBRASSEY'S _c1988 |
||
| 300 | _aXV, 286P | ||
| 700 |
_aLee, R.G Colonel,Johnson, D.E _973420 |
||
| 942 |
_cBK _2ddc |
||
| 999 |
_c579169 _d579169 |
||